ბათუმის შოთა რუსთაველის სახელმწიფო უნივერსიტეტის ბიბლიოთეკა

აკაკი წერეთელი (ბიბ.ჩანაწერი № 43636)

000 -LEADER
fixed length control field 00662nam a2200229Ia 4500
001 - CONTROL NUMBER
control field 10371
003 - CONTROL NUMBER IDENTIFIER
control field GE_BSU
008 - FIXED-LENGTH DATA ELEMENTS--GENERAL INFORMATION
fixed length control field 181216s||||||||xx |||||||||||||| ||und||
040 ## - CATALOGING SOURCE
Transcribing agency GE_BSU
080 ## - UNIVERSAL DECIMAL CLASSIFICATION NUMBER
Universal Decimal Classification number 821.353.1–11
100 ## - MAIN ENTRY--PERSONAL NAME
Personal name ტაბიძე,გალაქტიონ
245 ## - TITLE STATEMENT
Title აკაკი წერეთელი
245 ## - TITLE STATEMENT
Remainder of title ლექსები
245 ## - TITLE STATEMENT
Statement of responsibility, etc. რედ.რ.გვეტაძე
260 ## - PUBLICATION, DISTRIBUTION, ETC.
Place of publication, distribution, etc. თბილისი
260 ## - PUBLICATION, DISTRIBUTION, ETC.
Name of publisher, distributor, etc. ფედერაცია
260 ## - PUBLICATION, DISTRIBUTION, ETC.
Date of publication, distribution, etc. 1940
300 ## - PHYSICAL DESCRIPTION
Extent 144გვ.16სმ.
653 ## - INDEX TERM--UNCONTROLLED
Uncontrolled term აკაკი წერეთელი
653 ## - INDEX TERM--UNCONTROLLED
Uncontrolled term ლექსები
942 ## - ADDED ENTRY ELEMENTS (KOHA)
Koha item type წიგნი
ეგზემპლარები
Withdrawn status Lost status Damaged status Not for loan Date acquired Barcode Date last seen Price effective from Koha item type
        2018-12-17 33936 2018-12-17 2018-12-17 წიგნი
        2018-12-17 33937 2018-12-17 2018-12-17 წიგნი
        2018-12-17 33938 2018-12-17 2018-12-17 წიგნი
        2018-12-17 33939 2018-12-17 2018-12-17 წიგნი
        2018-12-17 33940 2018-12-17 2018-12-17 წიგნი
        2018-12-17 33941 2018-12-17 2018-12-17 წიგნი